banner-ar

الجغرافيا والمجتمع: بحوث الندوة الاولى مارس 1990 بمناسة مرور ثلاثين عاما على انشاء شعة الخرائط والمساحة / (Record no. 55527)

MARC details
000 -الفاتح
حقل البيانات ثابتة الطول 00830nam a2200217Ia 4500
008 - عناصر البيانات ثابتة الطول - معلومات عامة
حقل البيانات ثابتة الطول 140319s9999 xx 000 0 ara d
040 ## - مصدر الفهرسة
وكالة الفهرسة الأصلية GCL /
وكالة النسخ GCL
082 04 - رقم تصنيف ديوى العشرى
رقم التصنيف 910.01
رقم المادة ج ج
100 1# - المدخل الرئيسى - إسم شخصى
الإسم الشخصى جامعة الاسكندرية- كلية الاداب
245 10 - بيان العنوان
العنوان الجغرافيا والمجتمع: بحوث الندوة الاولى مارس 1990 بمناسة مرور ثلاثين عاما على انشاء شعة الخرائط والمساحة /
بيان المسئوليه,etc جامعة الاسكندرية- كلية الاداب
260 ## - PUBLICATION, DISTRIBUTION, ETC. (IMPRINT)
تاريخ النشر أو التوزيع 1990
300 ## - الوصف المادى
التعداد 568
490 ## - بيان السلسلة
عنوان السلسلة
650 04 - المدخل الاضافى بالموضوع-مصطلح موضوعى
مصطلح موضوعي مساحة هندسية
650 04 - المدخل الاضافى بالموضوع-مصطلح موضوعى
مصطلح موضوعي السكان
650 04 - المدخل الاضافى بالموضوع-مصطلح موضوعى
مصطلح موضوعي الجغرافيا الرياضية
650 04 - المدخل الاضافى بالموضوع-مصطلح موضوعى
مصطلح موضوعي الخرائط
650 04 - المدخل الاضافى بالموضوع-مصطلح موضوعى
مصطلح موضوعي مساحة
942 ## - عناصر المدخل الإضافي( كوها)
مصدر التصنيف او مخطط الترفيف Dewey Decimal Classification
Koha [default] item type كتاب
260 ## - PUBLICATION, DISTRIBUTION, ETC. (IMPRINT)
-- [S.N] :
-- دار المعرفة الجامعية ،
Holdings
حالة التراجع حالة الفقد حالة تلف ليس للاعارة المكان المؤقت الموقع الحالى تاريخ الاكتساب اجمالي اﻻعارات رقم الطلب الباركود تاريخ اخر مشاهدة تاريخ تفعيل السعر نوع وعاء كوها
        مكتبة القاهرة الكبرى مكتبة القاهرة الكبرى 03/26/2014   910.01\ج ج 133369 03/26/2014 03/26/2014 كتاب
        مكتبة القاهرة الكبرى مكتبة القاهرة الكبرى 03/26/2014   910.01\ج ج 133370 03/26/2014 03/26/2014 كتاب
        مكتبة القاهرة الكبرى مكتبة القاهرة الكبرى 03/26/2014   910.01\ج ج 133371 03/26/2014 03/26/2014 كتاب

Powered By

EGPV